000 00704nam a22002177a 4500
003 UA-OsUOA
001 69545
007 ta
008 20100625b un ||||| |||| 00| 0 ukr d
100 _aБугаєнко Н.М.
090 _a355
_bБ90
942 _cSA
040 _aUA-OsUOA
_bukr
_cUA-OsUOA
_dUA-OsUOA
245 _aСучасні тенденції розвитку системи державної допомоги в ЄС
300 _aС.92-98
955 _a0
041 _aukr
080 _a355
773 0 _w69538
_tСтатистика України
_dК.
_d2010
_g1
650 7 _a35 Державно-адміністративне управління. Військова справа
_2UDC
999 _c355802
_d355802